Les meilleurs buteurs du Real Madrid depuis 2010 - Statistiques

Statistiques générales
  • Ce quiz a été pris 6 626 fois
  • Le résultat moyen est 15 sur 23
Statistiques - réponses
Joueurs Buts % Correct
Cristiano Ronaldo 417
100%
Karim Benzema 240
100%
Gareth Bale 107
95%
Luka Modric 22
95%
Sergio Ramos 69
93%
Toni Kroos 19
92%
Marcelo 30
86%
Casemiro 23
83%
Raphael Varane 15
75%
Isco 51
68%
Gonzalo Higuain 57
67%
Pepe 14
66%
Angel Di Maria 36
65%
Mesut Ozil 27
65%
Marco Asensio 30
64%
Lucas Vazquez 24
51%
Mariano Diaz 10
46%
Alvaro Morata 31
44%
James Rodriguez 37
44%
Kaka 20
38%
Nacho 11
36%
Jesé 18
29%
José Callejon 20
14%
Aucun quiz correspondant
Distribution des résultats
% des personnes avec chaque résultat
Percentile par nombre de réponses
Votre historique - résultats
Vous n’avez pas pris ce quiz